[Event "Campeonato España Sub 14"]
[Site "Salobreña"]
[Date "2017.07.19"]
[Round "4"]
[White "Eizaguerri Floris, Maria"]
[Black "Blesa Fernandez, Ignacio"]
[Result "1-0"]
[Board "6"]
[WhiteClock "1:30"]
[WhiteTitle "WFM"]
[WhiteElo "2075"]
[WhiteCountry "ESP"]
[WhiteFideId "32065752"]
[WhiteEloChange "4"]
[BlackClock "1:30"]
[BlackElo "1814"]
[BlackCountry "ESP"]
[BlackFideId "32061943"]
[BlackEloChange "-4"]

1. e4 {[%clk 1:30:00]} c5 {[%clk 1:30:00]} 2. c3 {[%clk 1:31:00]} Nf6 {[%clk
1:30:00]} 3. e5 {[%clk 1:31:00]} Nd5 {[%clk 1:30:00]} 4. Bc4 {[%clk 1:32:00]} e6
{[%clk 1:29:00]} 5. d4 {[%clk 1:32:00]} cxd4 {[%clk 1:28:00]} 6. cxd4 {[%clk
1:32:00]} Nc6 {[%clk 1:27:00]} 7. Nf3 {[%clk 1:33:00]} d6 {[%clk 1:27:00]} 8. O-O
{[%clk 1:33:00]} Be7 {[%clk 1:26:00]} 9. Bd2 {[%clk 1:32:00]} O-O {[%clk
1:26:00]} 10. Nc3 {[%clk 1:31:00]} Nxc3 {[%clk 1:21:00]} 11. Bxc3 {[%clk
1:32:00]} dxe5 {[%clk 1:16:00]} 12. dxe5 {[%clk 1:32:00]} b6 {[%clk 1:16:00]} 13.
Qe2 {[%clk 1:27:00]} Bb7 {[%clk 1:13:00]} 14. a3 {[%clk 1:25:00]} Qc7 {[%clk
1:10:00]} 15. Rac1 {[%clk 1:23:00]} Rac8 {[%clk 1:06:00]} 16. Ba2 {[%clk
1:22:00]} Qb8 {[%clk 1:05:00]} 17. Bb1 {[%clk 1:17:00]} Na5 {[%clk 0:49:00]} 18.
Nd2 {[%clk 1:11:00]} Qa8 {[%clk 0:43:00]} 19. Ne4 {[%clk 1:10:00]} Nb3 {[%clk
0:41:00]} 20. Nf6+ {[%clk 1:04:00]} Bxf6 {[%clk 0:38:00]} 21. exf6 {[%clk
1:04:00]} Nxc1 {[%clk 0:39:00]} 22. Bxh7+ {[%clk 1:05:00]} Kxh7 {[%clk 0:39:00]}
23. Qh5+ {[%clk 1:05:00]} Kg8 {[%clk 0:39:00]} 24. fxg7 {[%clk 1:03:00]} Ne2+
{[%clk 0:39:00]} 25. Qxe2 {[%clk 1:03:00]} Rc5 {[%clk 0:28:00]} 26. gxf8Q+ {[%clk
1:00:00]} Qxf8 {[%clk 0:27:00]} 27. Qg4+ {[%clk 0:59:00]} Kh7 {[%clk 0:28:00]}
28. Bb4 {[%clk 0:59:00]} a5 {[%clk 0:25:00]} 29. Bxc5 {[%clk 0:59:00]} Qxc5
{[%clk 0:26:00]} 30. h4 {[%clk 0:58:00]} b5 {[%clk 0:24:00]} 31. Rd1 {[%clk
0:57:00]} Bd5 {[%clk 0:23:00]} 32. Qh5+ {[%clk 0:56:00]} Kg7 {[%clk 0:23:00]} 33.
Qg5+ {[%clk 0:56:00]} Kh7 {[%clk 0:23:00]} 34. Rc1 {[%clk 0:56:00]} Qd4 {[%clk
0:22:00]} 35. Rc8 {[%clk 0:52:00]} Qd1+ {[%clk 0:20:00]} 36. Kh2 {[%clk 0:52:00]}
Be4 {[%clk 0:20:00]} 37. Rd8 {[%clk 0:51:00]} Qc2 {[%clk 0:18:49]} 38. Qh5+
{[%clk 0:51:00]} Kg7 {[%clk 0:18:56]} 39. Qh8+ {[%clk 0:51:00]} Kg6 {[%clk
0:19:23]} 40. Rg8+ {[%clk 0:51:00]} 1-0

[Event "Campeonato España Sub 14"]
[Site "Salobreña"]
[Date "2017.07.19"]
[Round "4"]
[White "Reboredo Martinez, Claudio"]
[Black "Garcia Gimenez, Santiago"]
[Result "1-0"]
[Board "7"]
[WhiteClock "1:30"]
[WhiteElo "1796"]
[WhiteCountry "ESP"]
[WhiteFideId "24557153"]
[WhiteEloChange "16"]
[BlackClock "1:30"]
[BlackElo "2064"]
[BlackCountry "ESP"]
[BlackFideId "32063350"]
[BlackEloChange "-16"]

1. e4 {[%clk 1:30:00]} e5 {[%clk 1:30:00]} 2. Nf3 {[%clk 1:31:00]} Nc6 {[%clk
1:31:00]} 3. d4 {[%clk 1:31:00]} exd4 {[%clk 1:31:00]} 4. Nxd4 {[%clk 1:32:00]}
Bc5 {[%clk 1:31:00]} 5. Nb3 {[%clk 1:32:00]} Bb6 {[%clk 1:30:00]} 6. Nc3 {[%clk
1:33:00]} d6 {[%clk 1:30:00]} 7. Qe2 {[%clk 1:32:00]} Be6 {[%clk 1:30:00]} 8. Be3
{[%clk 1:33:00]} Bxe3 {[%clk 1:29:00]} 9. Qxe3 {[%clk 1:33:00]} Nf6 {[%clk
1:28:00]} 10. f3 {[%clk 1:33:00]} Qe7 {[%clk 1:27:00]} 11. O-O-O {[%clk 1:33:00]}
a6 {[%clk 1:28:00]} 12. Kb1 {[%clk 1:33:00]} O-O-O {[%clk 1:26:00]} 13. Nd4
{[%clk 1:31:00]} Nxd4 {[%clk 1:24:00]} 14. Qxd4 {[%clk 1:30:00]} Kb8 {[%clk
1:24:00]} 15. Qb4 {[%clk 1:25:00]} c5 {[%clk 1:24:00]} 16. Qb6 {[%clk 1:19:00]}
Qc7 {[%clk 1:24:00]} 17. Qxc7+ {[%clk 1:20:00]} Kxc7 {[%clk 1:24:00]} 18. Be2
{[%clk 1:20:00]} Rhe8 {[%clk 1:24:00]} 19. Rhe1 {[%clk 1:19:00]} b5 {[%clk
1:22:00]} 20. Bf1 {[%clk 1:15:00]} Kc6 {[%clk 1:19:00]} 21. Rd2 {[%clk 1:05:00]}
b4 {[%clk 1:17:00]} 22. Na4 {[%clk 1:02:00]} a5 {[%clk 1:17:00]} 23. Red1 {[%clk
1:03:00]} Rd7 {[%clk 1:16:00]} 24. b3 {[%clk 1:00:00]} d5 {[%clk 1:16:00]} 25.
exd5+ {[%clk 0:56:00]} Nxd5 {[%clk 1:13:00]} 26. Bd3 {[%clk 0:50:00]} f5 {[%clk
1:10:00]} 27. Re2 {[%clk 0:44:00]} g6 {[%clk 1:09:00]} 28. Rde1 {[%clk 0:41:00]}
Rde7 {[%clk 1:07:00]} 29. Bc4 {[%clk 0:38:00]} Kd6 {[%clk 0:54:00]} 30. Rd1
{[%clk 0:31:00]} Kc6 {[%clk 0:53:00]} 31. Rxe6+ {[%clk 0:31:00]} Rxe6 {[%clk
0:53:00]} 1-0

[Event "Campeonato España Sub 14"]
[Site "Salobreña"]
[Date "2017.07.19"]
[Round "4"]
[White "Prado Lobo, Jonas"]
[Black "Buitron Ramil, David"]
[Result "0-1"]
[Board "8"]
[WhiteClock "1:30"]
[WhiteElo "2054"]
[WhiteCountry "ESP"]
[WhiteFideId "32050666"]
[WhiteEloChange "-16"]
[BlackClock "1:30"]
[BlackElo "1795"]
[BlackCountry "ESP"]
[BlackFideId "24519731"]
[BlackEloChange "16"]

1. d4 {[%clk 1:30:00]} Nf6 {[%clk 1:30:00]} 2. c4 {[%clk 1:31:00]} g6 {[%clk
1:31:00]} 3. f3 {[%clk 1:31:00]} Bg7 {[%clk 1:31:00]} 4. e4 {[%clk 1:32:00]} d6
{[%clk 1:31:00]} 5. Nc3 {[%clk 1:32:00]} O-O {[%clk 1:32:00]} 6. Bg5 {[%clk
1:33:00]} Nbd7 {[%clk 1:31:00]} 7. Nh3 {[%clk 1:33:00]} c5 {[%clk 1:29:00]} 8. d5
{[%clk 1:32:00]} Qa5 {[%clk 1:26:00]} 9. Qd2 {[%clk 1:31:00]} Nb6 {[%clk
1:19:00]} 10. Nf2 {[%clk 1:31:00]} Qb4 {[%clk 1:11:00]} 11. a3 {[%clk 0:54:00]}
Qb3 {[%clk 1:07:00]} 12. Qe2 {[%clk 0:50:00]} e6 {[%clk 1:01:00]} 13. Rc1 {[%clk
0:47:00]} exd5 {[%clk 0:35:00]} 14. cxd5 {[%clk 0:47:00]} Nbxd5 {[%clk 0:32:00]}
15. exd5 {[%clk 0:41:00]} Re8 {[%clk 0:32:00]} 16. Nfe4 {[%clk 0:41:00]} Nxe4
{[%clk 0:27:00]} 17. fxe4 {[%clk 0:40:00]} Bf5 {[%clk 0:15:41]} 18. g4 {[%clk
0:34:00]} Bxg4 {[%clk 0:13:49]} 19. Qxg4 {[%clk 0:31:00]} Qxb2 {[%clk 0:08:08]}
20. Qf3 {[%clk 0:29:00]} f5 {[%clk 0:06:07]} 21. Be2 {[%clk 0:18:03]} fxe4 {[%clk
0:05:06]} 22. Nxe4 {[%clk 0:17:20]} Rf8 {[%clk 0:04:11]} 23. Qd3 {[%clk 0:14:51]}
Rae8 {[%clk 0:04:05]} 24. Nxd6 {[%clk 0:13:18]} Rxe2+ {[%clk 0:01:02]} 25. Qxe2
{[%clk 0:12:52]} Bc3+ {[%clk 0:01:30]} 26. Kd1 {[%clk 0:04:25]} Qb3+ {[%clk
0:01:59]} 27. Qc2 {[%clk 0:02:47]} Qxd5+ {[%clk 0:02:26]} 28. Ke2 {[%clk
0:03:16]} Qf3# {[%clk 0:02:26]} 0-1

[Event "Campeonato España Sub 14"]
[Site "Salobreña"]
[Date "2017.07.19"]
[Round "4"]
[White "Rodriguez Del Cerro, Ricardo"]
[Black "Galvan Cipriani, Viviana"]
[Result "1-0"]
[Board "9"]
[WhiteClock "1:30"]
[WhiteElo "2034"]
[WhiteCountry "ESP"]
[WhiteFideId "24512451"]
[WhiteEloChange "4"]
[BlackClock "1:30"]
[BlackTitle "WFM"]
[BlackElo "1784"]
[BlackCountry "ESP"]
[BlackFideId "32041144"]
[BlackEloChange "-4"]

1. Nf3 {[%clk 1:30:00]} c5 {[%clk 1:30:00]} 2. c4 {[%clk 1:31:00]} Nc6 {[%clk
1:30:00]} 3. Nc3 {[%clk 1:30:00]} e5 {[%clk 1:30:00]} 4. d3 {[%clk 1:30:00]} d6
{[%clk 1:26:00]} 5. g3 {[%clk 1:31:00]} Nge7 {[%clk 1:23:00]} 6. Bg2 {[%clk
1:31:00]} g6 {[%clk 1:23:00]} 7. Nd2 {[%clk 1:28:00]} Bg7 {[%clk 1:22:00]} 8. Nf1
{[%clk 1:27:00]} O-O {[%clk 1:16:00]} 9. Ne3 {[%clk 1:28:00]} Be6 {[%clk
1:16:00]} 10. O-O {[%clk 1:27:00]} f5 {[%clk 1:16:00]} 11. f4 {[%clk 1:16:00]}
Rb8 {[%clk 1:13:00]} 12. Rb1 {[%clk 1:15:00]} a6 {[%clk 1:13:00]} 13. Ncd5 {[%clk
1:10:00]} b5 {[%clk 1:11:00]} 14. b3 {[%clk 1:11:00]} Nd4 {[%clk 1:05:00]} 15.
Bb2 {[%clk 1:04:00]} Kh8 {[%clk 1:02:00]} 16. Qd2 {[%clk 0:51:00]} Re8 {[%clk
1:02:00]} 17. Rfe1 {[%clk 0:34:00]} Nxd5 {[%clk 0:56:00]} 18. Nxd5 {[%clk
0:34:00]} Bxd5 {[%clk 0:54:00]} 19. Bxd5 {[%clk 0:34:00]} e4 {[%clk 0:54:00]} 20.
Bxd4 {[%clk 0:30:00]} cxd4 {[%clk 0:53:00]} 21. cxb5 {[%clk 0:27:00]} e3 {[%clk
0:52:00]} 22. Qc1 {[%clk 0:25:00]} axb5 {[%clk 0:52:00]} 23. a4 {[%clk 0:24:00]}
g5 {[%clk 0:51:00]} 24. Rf1 {[%clk 0:23:00]} gxf4 {[%clk 0:51:00]} 25. Rxf4
{[%clk 0:23:00]} Rc8 {[%clk 0:50:00]} 26. Qf1 {[%clk 0:22:00]} Qb6 {[%clk
0:46:00]} 27. Rxf5 {[%clk 0:18:29]} Rf8 {[%clk 0:46:00]} 28. Be4 {[%clk 0:17:58]}
d5 {[%clk 0:24:00]} 29. Bxd5 {[%clk 0:17:52]} Rxf5 {[%clk 0:25:00]} 30. Qxf5
{[%clk 0:18:17]} Rf8 {[%clk 0:25:00]} 31. Qe6 {[%clk 0:17:15]} Qc5 {[%clk
0:23:00]} 32. Rf1 {[%clk 0:16:20]} Rb8 {[%clk 0:19:26]} 33. Rf7 {[%clk 0:12:28]}
Qc1+ {[%clk 0:13:32]} 34. Kg2 {[%clk 0:12:48]} Qd1 {[%clk 0:12:29]} 35. Qg4
{[%clk 0:12:53]} Be5 {[%clk 0:08:26]} 36. Be4 {[%clk 0:12:53]} 1-0

[Event "Campeonato España Sub 14"]
[Site "Salobreña"]
[Date "2017.07.19"]
[Round "4"]
[White "Guillo Longares, Cecilia"]
[Black "Pedchenko, Alex"]
[Result "1-0"]
[Board "10"]
[WhiteClock "1:30"]
[WhiteElo "1997"]
[WhiteCountry "ESP"]
[WhiteFideId "32082681"]
[WhiteEloChange "4"]
[BlackClock "1:30"]
[BlackElo "1746"]
[BlackCountry "ESP"]
[BlackFideId "24522732"]
[BlackEloChange "-4"]

1. d4 {[%clk 1:30:00]} Nf6 {[%clk 1:30:00]} 2. c4 {[%clk 1:31:00]} d6 {[%clk
1:31:00]} 3. Nf3 {[%clk 1:31:00]} g6 {[%clk 1:31:00]} 4. g3 {[%clk 1:32:00]} Bg7
{[%clk 1:32:00]} 5. Bg2 {[%clk 1:32:00]} O-O {[%clk 1:32:00]} 6. O-O {[%clk
1:33:00]} Nbd7 {[%clk 1:32:00]} 7. Nc3 {[%clk 1:33:00]} a6 {[%clk 1:32:00]} 8. h3
{[%clk 1:32:00]} Rb8 {[%clk 1:32:00]} 9. a4 {[%clk 1:29:00]} c6 {[%clk 1:30:00]}
10. a5 {[%clk 1:28:00]} b5 {[%clk 1:27:00]} 11. axb6 {[%clk 1:28:00]} Nxb6 {[%clk
1:27:00]} 12. b3 {[%clk 1:25:00]} c5 {[%clk 1:23:00]} 13. Be3 {[%clk 1:20:00]}
Nfd7 {[%clk 1:21:00]} 14. Qc2 {[%clk 1:18:00]} e5 {[%clk 1:19:00]} 15. dxe5
{[%clk 1:16:00]} Nxe5 {[%clk 1:18:00]} 16. Kh2 {[%clk 1:08:00]} Bf5 {[%clk
1:17:00]} 17. Qc1 {[%clk 1:08:00]} Nxf3+ {[%clk 1:11:00]} 18. Bxf3 {[%clk
1:08:00]} Qf6 {[%clk 1:11:00]} 19. Bd2 {[%clk 1:05:00]} Bc8 {[%clk 1:02:00]} 20.
Qc2 {[%clk 0:59:00]} Qe7 {[%clk 0:59:00]} 21. Ra3 {[%clk 0:55:00]} Bb7 {[%clk
0:55:00]} 22. Bxb7 {[%clk 0:51:00]} Qxb7 {[%clk 0:56:00]} 23. Bf4 {[%clk
0:51:00]} Rfd8 {[%clk 0:55:00]} 24. Ne4 {[%clk 0:51:00]} Nc8 {[%clk 0:54:00]} 25.
Rd1 {[%clk 0:51:00]} Qc6 {[%clk 0:54:00]} 26. Rd5 {[%clk 0:46:00]} h6 {[%clk
0:47:00]} 27. h4 {[%clk 0:40:00]} f5 {[%clk 0:46:00]} 28. Nc3 {[%clk 0:32:00]}
Ne7 {[%clk 0:46:00]} 29. Rd3 {[%clk 0:31:00]} Kh7 {[%clk 0:43:00]} 30. Qd2 {[%clk
0:30:00]} Bxc3 {[%clk 0:40:00]} 31. Qxc3 {[%clk 0:30:00]} Ng8 {[%clk 0:34:00]}
32. Qd2 {[%clk 0:29:00]} Rb6 {[%clk 0:34:00]} 33. Re3 {[%clk 0:29:00]} d5 {[%clk
0:32:00]} 34. Bxh6 {[%clk 0:27:00]} Rd7 {[%clk 0:31:00]} 35. cxd5 {[%clk
0:25:00]} Rxd5 {[%clk 0:24:00]} 36. Qc1 {[%clk 0:25:00]} Qb7 {[%clk 0:24:00]} 37.
Bg5 {[%clk 0:25:00]} Rbd6 {[%clk 0:24:00]} 38. Ra1 {[%clk 0:21:00]} Qd7 {[%clk
0:23:00]} 39. Qc4 {[%clk 0:18:40]} Rd4 {[%clk 0:23:00]} 40. Qxc5 {[%clk 0:16:40]}
Rd1 {[%clk 0:22:00]} 41. Rxd1 {[%clk 0:14:46]} Rxd1 {[%clk 0:22:00]} 42. Rc3
{[%clk 0:10:38]} Rb1 {[%clk 0:21:00]} 43. Qe5 {[%clk 0:10:38]} 1-0

[Event "Campeonato España Sub 14"]
[Site "Salobreña"]
[Date "2017.07.19"]
[Round "4"]
[White "Lagunas Gualda, Guillermo"]
[Black "Cespedes Llaverias, Llibert"]
[Result "1/2-1/2"]
[Board "11"]
[WhiteClock "n/a"]
[WhiteElo "1685"]
[WhiteCountry "ESP"]
[WhiteFideId "24515949"]
[WhiteEloChange "7"]
[BlackClock "n/a"]
[BlackElo "1996"]
[BlackCountry "ESP"]
[BlackFideId "32065949"]
[BlackEloChange "-7"]

1. c4 {[%clk 1:30:30]} e5 {[%clk 1:30:30]} 2. g3 {[%clk 1:30:30]} Nc6 {[%clk
1:30:30]} 3. Bg2 {[%clk 1:30:30]} Bc5 {[%clk 1:30:30]} 4. e3 {[%clk 1:30:30]} d6
{[%clk 1:30:30]} 5. Nc3 {[%clk 1:30:30]} a6 {[%clk 1:30:30]} 6. Nge2 {[%clk
1:30:30]} Ba7 {[%clk 1:30:30]} 7. O-O {[%clk 1:30:30]} h5 {[%clk 1:30:30]} 8. d4
{[%clk 1:30:30]} h4 {[%clk 1:30:30]} 9. Bxc6+ {[%clk 1:30:30]} bxc6 {[%clk
1:30:30]} 10. dxe5 {[%clk 1:30:30]} dxe5 {[%clk 1:30:30]} 11. Qxd8+ {[%clk
1:30:30]} Kxd8 {[%clk 1:30:30]} 12. b4 {[%clk 1:30:30]} a5 {[%clk 1:30:30]} 13.
a3 {[%clk 1:30:30]} hxg3 {[%clk 1:30:30]} 14. hxg3 {[%clk 1:30:30]} Rb8 {[%clk
1:30:30]} 15. c5 {[%clk 1:30:30]} Bh3 {[%clk 1:30:30]} 16. Re1 {[%clk 1:30:30]}
Bg4 {[%clk 1:30:30]} 17. f4 {[%clk 1:30:30]} exf4 {[%clk 1:30:30]} 18. exf4
{[%clk 1:30:30]} Kc8 {[%clk 1:30:30]} 19. Nd4 {[%clk 1:30:30]} Kb7 {[%clk
1:30:30]} 20. Rb1 {[%clk 1:30:30]} Nf6 {[%clk 1:30:30]} 21. bxa5+ {[%clk
1:30:30]} Ka8 {[%clk 1:30:30]} 22. Rxb8+ {[%clk 1:30:30]} Rxb8 {[%clk 1:30:30]}
23. Nxc6 {[%clk 1:30:30]} Bxc5+ {[%clk 1:30:30]} 24. Kf1 {[%clk 1:30:30]} Rb3
{[%clk 1:30:30]} 25. Bd2 {[%clk 1:30:30]} Rb2 {[%clk 1:30:30]} 26. Rb1 {[%clk
1:30:30]} Rxb1+ {[%clk 1:30:30]} 27. Nxb1 {[%clk 1:30:30]} Bf5 {[%clk 1:30:30]}
28. Nc3 {[%clk 1:30:30]} Bxa3 {[%clk 1:30:30]} 29. Nd4 {[%clk 1:30:30]} Bd3+
{[%clk 1:30:30]} 30. Ke1 {[%clk 1:30:30]} Kb7 {[%clk 1:30:30]} 1/2-1/2

[Event "Campeonato España Sub 14"]
[Site "Salobreña"]
[Date "2017.07.19"]
[Round "4"]
[White "Ingunza Curro, Andres"]
[Black "Ponseti Lluch, Joan"]
[Result "0-1"]
[Board "12"]
[WhiteClock "1:30"]
[WhiteElo "1992"]
[WhiteCountry "ESP"]
[WhiteFideId "24526371"]
[WhiteEloChange "-18"]
[BlackClock "1:30"]
[BlackElo "1633"]
[BlackCountry "ESP"]
[BlackFideId "32088345"]
[BlackEloChange "18"]

1. e4 {[%clk 1:30:00]} c5 {[%clk 1:30:00]} 2. Ne2 {[%clk 1:27:00]} Nc6 {[%clk
1:30:00]} 3. d4 {[%clk 1:27:00]} cxd4 {[%clk 1:30:00]} 4. Nxd4 {[%clk 1:27:00]}
g6 {[%clk 1:31:00]} 5. c4 {[%clk 1:26:00]} Bg7 {[%clk 1:31:00]} 6. Be3 {[%clk
1:26:00]} Nf6 {[%clk 1:31:00]} 7. Nc3 {[%clk 1:26:00]} O-O {[%clk 1:32:00]} 8.
Be2 {[%clk 1:27:00]} d6 {[%clk 1:32:00]} 9. O-O {[%clk 1:27:00]} Bd7 {[%clk
1:32:00]} 10. Qd2 {[%clk 1:26:00]} Nxd4 {[%clk 1:32:00]} 11. Bxd4 {[%clk
1:27:00]} Bc6 {[%clk 1:32:00]} 12. f3 {[%clk 1:27:00]} a5 {[%clk 1:33:00]} 13. b3
{[%clk 1:27:00]} Nd7 {[%clk 1:32:00]} 14. Be3 {[%clk 1:27:00]} Nc5 {[%clk
1:32:00]} 15. Rac1 {[%clk 1:26:00]} Qb6 {[%clk 1:29:00]} 16. Rfd1 {[%clk
1:24:00]} Rfc8 {[%clk 1:21:00]} 17. Nd5 {[%clk 1:17:00]} Bxd5 {[%clk 1:13:00]}
18. cxd5 {[%clk 1:17:00]} Qd8 {[%clk 1:12:00]} 19. Rc2 {[%clk 1:13:00]} h5 {[%clk
1:10:00]} 20. Rdc1 {[%clk 1:08:00]} Kh7 {[%clk 1:05:00]} 21. Kh1 {[%clk 1:05:00]}
b6 {[%clk 1:01:00]} 22. h3 {[%clk 0:58:00]} Qf8 {[%clk 0:59:00]} 23. Bf1 {[%clk
0:55:00]} Bh6 {[%clk 0:59:00]} 24. Bxh6 {[%clk 0:55:00]} Qxh6 {[%clk 0:59:00]}
25. Qxh6+ {[%clk 0:55:00]} Kxh6 {[%clk 0:59:00]} 26. a3 {[%clk 0:55:00]} Rcb8
{[%clk 0:38:00]} 27. b4 {[%clk 0:52:00]} Nb3 {[%clk 0:39:00]} 28. Rb1 {[%clk
0:52:00]} a4 {[%clk 0:39:00]} 29. Bc4 {[%clk 0:52:00]} b5 {[%clk 0:37:00]} 30.
Bxb3 {[%clk 0:52:00]} axb3 {[%clk 0:37:00]} 31. Rxb3 {[%clk 0:52:00]} Rb7 {[%clk
0:37:00]} 32. Kg1 {[%clk 0:52:00]} Kg7 {[%clk 0:37:00]} 33. Kf2 {[%clk 0:52:00]}
Raa7 {[%clk 0:35:00]} 34. Ke3 {[%clk 0:51:00]} Rc7 {[%clk 0:34:00]} 35. Rbc3
{[%clk 0:51:00]} Rxa3 {[%clk 0:33:00]} 36. Rxa3 {[%clk 0:50:00]} Rxc2 {[%clk
0:34:00]} 37. Ra5 {[%clk 0:50:00]} Rxg2 {[%clk 0:33:00]} 38. Rxb5 {[%clk
0:50:00]} Rh2 {[%clk 0:32:00]} 39. Rb7 {[%clk 0:37:00]} Kf6 {[%clk 0:31:00]} 40.
b5 {[%clk 0:35:00]} Rxh3 {[%clk 0:26:00]} 41. b6 {[%clk 0:35:00]} Rh2 {[%clk
0:26:00]} 42. f4 {[%clk 0:35:00]} Rb2 {[%clk 0:25:00]} 43. Kd4 {[%clk 0:35:00]}
Rb4+ {[%clk 0:25:00]} 44. Ke3 {[%clk 0:35:00]} h4 {[%clk 0:22:00]} 45. Rb8 {[%clk
0:33:00]} h3 {[%clk 0:21:00]} 46. b7 {[%clk 0:33:00]} Kg7 {[%clk 0:20:00]} 47.
Kf3 {[%clk 0:32:00]} Rb2 {[%clk 0:19:44]} 48. Rc8 {[%clk 0:29:00]} Rxb7 {[%clk
0:18:51]} 49. Rc2 {[%clk 0:29:00]} Rb3+ {[%clk 0:18:56]} 50. Kg4 {[%clk 0:29:00]}
Re3 {[%clk 0:19:18]} 51. e5 {[%clk 0:24:00]} dxe5 {[%clk 0:18:00]} 52. fxe5
{[%clk 0:23:00]} Rxe5 {[%clk 0:18:13]} 53. Rd2 {[%clk 0:24:00]} Rh5 {[%clk
0:17:28]} 54. Rd1 {[%clk 0:23:00]} h2 {[%clk 0:17:25]} 55. Rh1 {[%clk 0:23:00]}
Rxd5 {[%clk 0:17:41]} 56. Rxh2 {[%clk 0:24:00]} Rd4+ {[%clk 0:17:53]} 57. Kf3
{[%clk 0:24:00]} f5 {[%clk 0:17:54]} 58. Ra2 {[%clk 0:24:00]} Rd3+ {[%clk
0:17:30]} 59. Kf4 {[%clk 0:25:00]} Kf6 {[%clk 0:17:39]} 60. Ra6+ {[%clk 0:25:00]}
e6 {[%clk 0:17:49]} 61. Ra3 {[%clk 0:24:00]} g5# {[%clk 0:17:49]} 0-1

[Event "Campeonato España Sub 14"]
[Site "Salobreña"]
[Date "2017.07.19"]
[Round "4"]
[White "Bermudez Revuelta, Paula"]
[Black "Aledo Yanguas, David"]
[Result "1-0"]
[Board "13"]
[WhiteClock "1:30"]
[WhiteElo "1752"]
[WhiteCountry "ESP"]
[WhiteFideId "32073623"]
[WhiteEloChange "16"]
[BlackClock "1:30"]
[BlackElo "1992"]
[BlackCountry "ESP"]
[BlackFideId "22287108"]
[BlackEloChange "-16"]

1. e4 {[%clk 1:30:00]} e6 {[%clk 1:30:00]} 2. d4 {[%clk 1:31:00]} d5 {[%clk
1:31:00]} 3. Nd2 {[%clk 1:31:00]} Nf6 {[%clk 1:31:00]} 4. e5 {[%clk 1:32:00]}
Nfd7 {[%clk 1:32:00]} 5. Bd3 {[%clk 1:32:00]} c5 {[%clk 1:32:00]} 6. c3 {[%clk
1:33:00]} Nc6 {[%clk 1:32:00]} 7. Ne2 {[%clk 1:33:00]} cxd4 {[%clk 1:33:00]} 8.
cxd4 {[%clk 1:33:00]} Qb6 {[%clk 1:33:00]} 9. Nf3 {[%clk 1:33:00]} Bb4+ {[%clk
1:33:00]} 10. Bd2 {[%clk 1:34:00]} f6 {[%clk 1:33:00]} 11. exf6 {[%clk 1:34:00]}
Nxf6 {[%clk 1:33:00]} 12. O-O {[%clk 1:31:00]} O-O {[%clk 1:33:00]} 13. Re1
{[%clk 1:18:00]} Bd6 {[%clk 1:32:00]} 14. Qc2 {[%clk 1:14:00]} Bd7 {[%clk
1:31:00]} 15. b3 {[%clk 1:07:00]} e5 {[%clk 1:28:00]} 16. dxe5 {[%clk 0:43:00]}
Nxe5 {[%clk 1:10:00]} 17. Be3 {[%clk 0:43:00]} Nxf3+ {[%clk 1:10:00]} 18. gxf3
{[%clk 0:43:00]} Qd8 {[%clk 1:09:00]} 19. Bg5 {[%clk 0:43:00]} h6 {[%clk
1:09:00]} 20. Bf4 {[%clk 0:43:00]} Bb4 {[%clk 1:08:00]} 21. Bd2 {[%clk 0:43:00]}
Rc8 {[%clk 1:08:00]} 22. Qb2 {[%clk 0:41:00]} Bc5 {[%clk 1:08:00]} 23. Nf4 {[%clk
0:39:00]} Qb6 {[%clk 1:05:00]} 24. Be3 {[%clk 0:38:00]} Bxe3 {[%clk 1:05:00]} 25.
Rxe3 {[%clk 0:34:00]} d4 {[%clk 1:03:00]} 26. Re2 {[%clk 0:31:00]} Rc3 {[%clk
0:58:00]} 27. Bc4+ {[%clk 0:30:00]} Rxc4 {[%clk 0:56:00]} 28. bxc4 {[%clk
0:30:00]} Qd6 {[%clk 0:55:00]} 29. Qd2 {[%clk 0:28:00]} Bc6 {[%clk 0:53:00]} 30.
Re6 {[%clk 0:23:00]} Qc5 {[%clk 0:53:00]} 31. Ng6 {[%clk 0:21:00]} Rf7 {[%clk
0:44:00]} 32. Ne5 {[%clk 0:20:00]} Bxf3 {[%clk 0:41:00]} 33. Nxf3 {[%clk
0:13:39]} Qf5 {[%clk 0:36:00]} 34. Nxd4 {[%clk 0:10:32]} Qg4+ {[%clk 0:37:00]}
35. Kh1 {[%clk 0:09:06]} Ne4 {[%clk 0:37:00]} 36. Re8+ {[%clk 0:09:07]} Kh7
{[%clk 0:37:00]} 37. Qd3 {[%clk 0:09:06]} Rf4 {[%clk 0:36:00]} 38. Rg1 {[%clk
0:08:54]} Qh4 {[%clk 0:33:00]} 39. Rxe4 {[%clk 0:07:08]} Rxe4 {[%clk 0:34:00]}
40. f3 {[%clk 0:07:11]} Qh3 {[%clk 0:33:00]} 41. Qxe4+ {[%clk 0:07:11]} 1-0

[Event "Campeonato España Sub 14"]
[Site "Salobreña"]
[Date "2017.07.19"]
[Round "4"]
[White "Riu Lopez, Sergi"]
[Black "Svyatoslav, Vorobyev"]
[Result "1-0"]
[Board "14"]
[WhiteClock "1:30"]
[WhiteElo "1982"]
[WhiteCountry "ESP"]
[WhiteFideId "32087047"]
[WhiteEloChange "5"]
[BlackClock "1:30"]
[BlackElo "1771"]
[BlackCountry "ESP"]
[BlackFideId "24561142"]
[BlackEloChange "-5"]

1. e4 {[%clk 1:30:00]} e5 {[%clk 1:30:00]} 2. Nf3 {[%clk 1:31:00]} Nc6 {[%clk
1:31:00]} 3. Bb5 {[%clk 1:31:00]} a6 {[%clk 1:31:00]} 4. Ba4 {[%clk 1:31:00]} Nf6
{[%clk 1:32:00]} 5. O-O {[%clk 1:31:00]} Be7 {[%clk 1:32:00]} 6. Re1 {[%clk
1:25:00]} b5 {[%clk 1:33:00]} 7. Bb3 {[%clk 1:26:00]} O-O {[%clk 1:33:00]} 8. c3
{[%clk 1:26:00]} d5 {[%clk 1:33:00]} 9. exd5 {[%clk 1:26:00]} Nxd5 {[%clk
1:34:00]} 10. Nxe5 {[%clk 1:27:00]} Nxe5 {[%clk 1:34:00]} 11. Rxe5 {[%clk
1:27:00]} c6 {[%clk 1:35:00]} 12. d3 {[%clk 1:27:00]} Bd6 {[%clk 1:35:00]} 13.
Re1 {[%clk 1:27:00]} Qh4 {[%clk 1:36:00]} 14. g3 {[%clk 1:27:00]} Qh3 {[%clk
1:36:00]} 15. Re4 {[%clk 1:27:00]} Nf6 {[%clk 1:29:00]} 16. Rh4 {[%clk 1:28:00]}
Qf5 {[%clk 1:28:00]} 17. Nd2 {[%clk 1:28:00]} g5 {[%clk 1:24:00]} 18. Rh6 {[%clk
1:26:00]} Ng4 {[%clk 1:17:00]} 19. Ne4 {[%clk 1:22:00]} Nxh6 {[%clk 1:11:00]} 20.
Nxd6 {[%clk 1:22:00]} Qg4 {[%clk 0:50:00]} 21. Qxg4 {[%clk 1:10:00]} Bxg4 {[%clk
0:50:00]} 22. Bxg5 {[%clk 1:10:00]} Nf5 {[%clk 0:49:00]} 23. Ne4 {[%clk 1:04:00]}
Bf3 {[%clk 0:45:00]} 24. Re1 {[%clk 1:00:00]} Kg7 {[%clk 0:42:00]} 25. Nd2 {[%clk
0:53:00]} Bh5 {[%clk 0:38:00]} 26. f3 {[%clk 0:49:00]} Nd6 {[%clk 0:32:00]} 27.
Re5 {[%clk 0:40:00]} Rfe8 {[%clk 0:25:00]} 28. Be7 {[%clk 0:33:00]} f6 {[%clk
0:25:00]} 29. Re6 {[%clk 0:22:00]} Nf7 {[%clk 0:16:08]} 30. Kf2 {[%clk 0:20:00]}
f5 {[%clk 0:14:43]} 31. Bf6+ {[%clk 0:20:00]} Kf8 {[%clk 0:14:31]} 32. Rxc6
{[%clk 0:20:00]} Ne5 {[%clk 0:13:49]} 33. Rd6 {[%clk 0:18:13]} Bg6 {[%clk
0:08:35]} 34. Rd5 {[%clk 0:13:42]} Nc6 {[%clk 0:07:23]} 35. Rd7 {[%clk 0:13:25]}
Rec8 {[%clk 0:05:20]} 36. Rg7 {[%clk 0:11:06]} Ke8 {[%clk 0:03:23]} 37. Be6
{[%clk 0:11:08]} Bf7 {[%clk 0:02:36]} 38. Rxf7 {[%clk 0:11:06]} Nd8 {[%clk
0:02:22]} 39. Re7+ {[%clk 0:11:20]} Kf8 {[%clk 0:02:47]} 40. Bxc8 {[%clk
0:11:20]} 1-0